| 000 | 01104nam a22003737a 4500 | ||
|---|---|---|---|
| 001 | 0040903 | ||
| 003 | KOHA_MİRAKIL | ||
| 005 | 20260207003217.0 | ||
| 007 | ta | ||
| 008 | 130730b2011 tu a|||gr||||#0|||0|tur | | ||
| 020 | _a9789754378238 | ||
| 040 |
_aTR-BiSEU _btur _cTR-BiSEU _erda |
||
| 041 | 0 | _atur | |
| 044 | _ctu | ||
| 050 |
_aDR439 _b.A37 2011 |
||
| 100 | 1 | _aAksun, Ziya Nur. | |
| 245 | 1 |
_aBeylik'ten cihan İmparatorluğu'na (1299-1520)/ _cZiya Nur Aksun ; Ziya Nur Aksun ; hazırlayan Erol Kılınç. |
|
| 264 | 1 |
_aİstanbul : _bÖtüken _c2011 |
|
| 300 |
_a431 sayfa : _bresimli ; _c21 cm. |
||
| 336 |
_ametin _btxt _2rdacontent |
||
| 337 |
_aaracısız _bn _2rdamedia |
||
| 338 |
_acilt _bnc _2rdacarrier |
||
| 490 | 1 |
_aYayın ; _vNu. |
|
| 490 | 1 | _a861. | |
| 490 | 1 | _aKültür Serisi 450. | |
| 500 | _aDizin var. | ||
| 650 | 0 |
_aOsmanlı İmparatorluğu. _94903 |
|
| 650 | 0 |
_aTurkey--History--Ottoman Empire, 1288-1918. _94433 |
|
| 830 | 1 |
_aYayın ; _vNu. _91557 |
|
| 830 | 1 |
_a861. _949719 |
|
| 830 | 1 |
_aKültür Serisi 450. _975845 |
|
| 907 | _aTarih | ||
| 942 |
_2lcc _cBK |
||
| 999 |
_c40767 _d40767 |
||